| 000 | 00457ntaaa2200181 4500 | ||
|---|---|---|---|
| 003 | 01 | ||
| 005 | 20251027202522.0 | ||
| 008 | 0714s1973 ag 01 | ||
| 040 |
_aAR-BaBN _bspa _cAR-BaBN _eaacr _dRIC |
||
| 082 | _a234.2000 C81 | ||
| 100 |
_aCornaglia, Juan B. _924157 |
||
| 245 | _aLa Perseverancia de los santos | ||
| 250 | _a1 ed. | ||
| 260 |
_aBuenos Aires : _bSeminario Evangélico Bautista, _c1952 |
||
| 300 | _a24 p. | ||
| 500 | _aTesis | ||
| 942 | _cBK | ||
| 999 |
_c20218 _d20218 |
||